000 00300nam a2200121Ia 4500
008 190216s9999||||xx |||||||||||||| ||und||
100 _aGulati S R
245 0 _aFundamental Of General Properties Of Matter
260 _bRchand And Company
_c1984
300 _a488p
650 _aPhysics
942 _cBK
999 _c32949
_d32949